|
|
|
|
| LEADER |
00679nam a2200205Ia 4500 |
| 001 |
CTU_163735 |
| 008 |
210402s9999 xx 000 0 und d |
| 020 |
|
|
|c 89.95
|
| 082 |
|
|
|a 658.57
|
| 082 |
|
|
|b B672
|
| 100 |
|
|
|a Boer, F. Peter
|
| 245 |
|
0 |
|a Technology valuation solutions
|
| 245 |
|
0 |
|c F. Peter Boer
|
| 260 |
|
|
|a Hoboken, New Jersey
|
| 260 |
|
|
|b John Wiley & Sons, Inc.
|
| 260 |
|
|
|c 2004
|
| 650 |
|
|
|a Research, Industrial,Research, Industrial,Technological innovations,Nghiên cứu công nghiệp,Đổi mới công nghệ
|
| 650 |
|
|
|x Evaluation,Cost effectiveness
|
| 910 |
|
|
|a Nguyên
|
| 980 |
|
|
|a Trung tâm Học liệu Trường Đại học Cần Thơ
|